| 000 | 00360nam a2200133Ia 4500 | ||
|---|---|---|---|
| 008 | 210430s9999 xx 000 0 und d | ||
| 020 | _a978-81-239-1677-4 | ||
| 082 | _a660.63B152 B | ||
| 100 |
_aJohn S.Bailey, S. C. Bhatia _9127008 |
||
| 245 |
_aBiochemical Engineering / _cJohn S.Bailey |
||
| 260 |
_aCBS _bIndia _c2009 |
||
| 300 | _a544P | ||
| 942 |
_cBK _2ddc |
||
| 999 |
_c564682 _d564682 |
||